Les 20 villes les plus peuplées du Centre-Val-de-Loire de 1806 à 2023 - Statistiques

Statistiques générales
  • Ce quiz a été pris 69 fois
  • Le résultat moyen est 108 sur 160
Statistiques - réponses
Hint Réponse % Correct
1806 Tours 21 703
100%
1846 Tours 30 766
100%
1876 Tours 52 008
100%
1911 Tours 78 149
100%
1936 Tours 93 095
100%
1968 Tours 128 120
100%
1999 Tours 132 820
100%
2023 Tours 139 259
100%
1806 Orléans 42 651
98%
1846 Orléans 45 788
98%
1876 Orléans 52 157
98%
1911 Orléans 72 096
98%
1936 Orléans 73 193
98%
1968 Orléans 95 828
98%
1999 Orléans 113 126
98%
2023 Orléans 116 357
98%
1806 Châteauroux 8 512
97%
1846 Châteauroux 14 517
97%
1876 Châteauroux 19 442
97%
1911 Châteauroux 26 095
97%
1936 Châteauroux 28 578
97%
1968 Châteauroux 49 138
97%
1999 Châteauroux 49 632
97%
2023 Châteauroux 42 963
97%
1806 Bourges 17 552
93%
1846 Bourges 24 799
93%
1876 Bourges 35 785
93%
1911 Bourges 45 735
93%
1936 Bourges 49 263
93%
1968 Bourges 70 814
93%
1999 Bourges 72 480
93%
2023 Bourges 64 186
93%
1806 Blois 13 054
91%
1846 Blois 17 599
91%
1876 Blois 20 515
91%
1911 Blois 23 955
91%
1936 Blois 26 025
91%
1968 Blois 42 264
91%
1999 Blois 49 171
91%
2023 Blois 47 219
91%
1806 Chartres 13 809
88%
1846 Chartres 17 353
88%
1876 Chartres 20 468
88%
1911 Chartres 24 103
88%
1936 Chartres 27 077
88%
1968 Chartres 34 469
88%
1999 Chartres 40 361
88%
2023 Chartres 38 324
88%
1806 Dreux 6 037
81%
1846 Dreux 6 774
81%
1876 Dreux 7 922
81%
1911 Dreux 10 692
81%
1936 Dreux 13 361
81%
1968 Dreux 29 409
81%
1999 Dreux 31 849
81%
2023 Dreux 31 543
81%
1968 Joué-lès-Tours 17 826
76%
1999 Joué-lès-Tours 36 517
76%
2023 Joué-lès-Tours 38 423
76%
1806 Vierzon 7 201
72%
1846 Vierzon 6 685
72%
1876 Vierzon 15 726
72%
1911 Vierzon 24 719
72%
1936 Vierzon 25 517
72%
1968 Vierzon 33 775
72%
1999 Vierzon 29 719
72%
2023 Vierzon 25 068
72%
1806 Montargis 6 514
67%
1846 Montargis 7 397
67%
1876 Montargis 9 175
67%
1911 Montargis 12 927
67%
1936 Montargis 13 887
67%
1968 Montargis 18 225
67%
1999 Montargis 15 030
67%
1999 Olivet 19 195
66%
2023 Olivet 23 507
66%
1806 Romorantin-Lanthenay 6 320
64%
1846 Romorantin-Lanthenay 7 400
64%
1876 Romorantin-Lanthenay 9 920
64%
1911 Romorantin-Lanthenay 10 820
64%
1936 Romorantin-Lanthenay 10 468
64%
1968 Romorantin-Lanthenay 14 096
64%
1999 Romorantin-Lanthenay 18 350
64%
2023 Romorantin-Lanthenay 18 373
64%
1911 Pithiviers 6 556
62%
1936 Pithiviers 6 683
62%
1806 Issoudun 10 719
60%
1846 Issoudun 12 852
60%
1876 Issoudun 13 175
60%
1911 Issoudun 13 180
60%
1936 Issoudun 11 511
60%
1968 Issoudun 15 108
60%
1806 Vendôme 7 128
60%
1846 Vendôme 8 481
60%
1876 Vendôme 9 221
60%
1911 Vendôme 9 707
60%
1936 Vendôme 9 344
60%
1968 Vendôme 16 157
60%
1999 Vendôme 17 707
60%
2023 Vendôme 15 758
60%
1806 Amboise 5 097
59%
1846 Amboise 4 956
59%
1876 Amboise 5 732
59%
1911 Amboise 6 364
59%
1806 Châteaudun 6 161
59%
1846 Châteaudun 6 788
59%
1876 Châteaudun 6 694
59%
1911 Châteaudun 7 296
59%
1936 Châteaudun 7 057
59%
1968 Châteaudun 14 450
59%
1846 Loches 5 058
57%
1936 Saint-Pierre-des-Corps 8 187
57%
1968 Saint-Pierre-des-Corps 15 232
57%
1999 Saint-Pierre-des-Corps 15 773
57%
2023 Saint-Pierre-des-Corps 15 898
57%
1846 Le Blanc 6 075
53%
1876 Le Blanc 6 122
53%
1911 Le Blanc 6 493
53%
1806 Chinon 5 992
52%
1846 Chinon 6 690
52%
1876 Chinon 6 301
52%
1999 Saint-Jean-de-Braye 17 758
52%
2023 Saint-Jean-de-Braye 23 147
52%
1968 Saint-Jean-de-la-Ruelle 12 620
52%
1999 Saint-Jean-de-la-Ruelle 16 560
52%
2023 Saint-Jean-de-la-Ruelle 16 768
52%
2023 Saran 17 316
52%
1936 Fleury-les-Aubrais 6 818
50%
1968 Fleury-les-Aubrais 13 180
50%
1999 Fleury-les-Aubrais 20 690
50%
2023 Fleury-les-Aubrais 21 804
50%
1806 Gien 5 387
50%
1846 Gien 5 794
50%
1876 Gien 7 712
50%
1911 Gien 8 477
50%
1936 Gien 8 555
50%
1968 Gien 12 264
50%
1999 Gien 15 332
50%
1806 Nogent-le-Rotrou 6 634
41%
1846 Nogent-le-Rotrou 7 057
41%
1876 Nogent-le-Rotrou 7 638
41%
1911 Nogent-le-Rotrou 8 279
41%
1936 Nogent-le-Rotrou 7 326
41%
1968 Nogent-le-Rotrou 11 578
41%
1806 Saint-Amand-Montrond 5 063
41%
1846 Saint-Amand-Montrond 7 836
41%
1876 Saint-Amand-Montrond 8 499
41%
1911 Saint-Amand-Montrond 8 584
41%
1936 Saint-Amand-Montrond 9 234
41%
1999 Saint-Cyr-sur-Loire 16 100
36%
2023 Saint-Cyr-sur-Loire 17 029
36%
1806 Beaugency 4 520
31%
1999 Lucé 17 701
29%
2023 Lucé 15 921
29%
2023 Saint-Avertin 14 999
21%
1806 Meung-sur-Loire 4 484
19%
1936 Châlette-sur-Loing 6 854
12%
1968 Châlette-sur-Loing 12 745
12%
1876 Mehun-sur-Yèvre 6 326
10%
1911 Mehun-sur-Yèvre 6 177
10%
Aucun quiz correspondant
Distribution des résultats
% des personnes avec chaque résultat
Percentile par nombre de réponses
Votre historique - résultats
Vous n’avez pas pris ce quiz